书目信息 |
| 题名: |
建筑施工组织与进度控制
|
|
| 作者: | 武佩牛 主编 | |
| 分册: | ||
| 出版信息: | 北京 中国建筑工业出版社 2006.06 |
|
| 页数: | 178页 | |
| 开本: | 26cm | |
| 丛书名: | ||
| 单 册: | ||
| 中图分类: | TU721 | |
| 科图分类: | ||
| 主题词: | 建筑工程--jian zhu gong cheng--施工组织--高等教育--教材 , 建筑工程--jian zhu gong cheng--施工进度计划--高等教育--教材 | |
| 电子资源: | ||
| ISBN: | 7-112-08257-9 | |
| 000 | 01085nam0 2200265 450 | |
| 001 | 012007575534 | |
| 005 | 20070920173350.43 | |
| 010 | @a7-112-08257-9@dCNY17.00 | |
| 100 | @a20070818d2006 km y0chiy0120 ea | |
| 101 | 0 | @achi |
| 102 | @aCN@b110000 | |
| 105 | @aa a 000yy | |
| 200 | 1 | @a建筑施工组织与进度控制@Ajian zhu shi gong zu zhi yu jin du kong zhi@f武佩牛主编@Fwu pei niu zhu bian |
| 210 | @a北京@c中国建筑工业出版社@d2006.06 | |
| 215 | @a178页@c图@d26cm | |
| 300 | @a全国高职高专教育土建类专业教学指导委员会规划推荐教材 | |
| 320 | @a有书目 (第178页)。 | |
| 330 | @a本书内容分为两部分:一部分是施工组织,主要讲述建筑施工组织原理和网络计划基本知识,编制建筑施工组织设计的原理和基本方法;另一部分是施工进度控制,主要介绍建筑工程施工进度计划实施和检查的原理,施工进度计划的调整方法。 | |
| 333 | @a工程监理专业 | |
| 606 | 0 | @a建筑工程@Ajian zhu gong cheng@x施工组织@x高等教育@j教材 |
| 606 | 0 | @a建筑工程@Ajian zhu gong cheng@x施工进度计划@x高等教育@j教材 |
| 690 | @aTU721@v4 | |
| 701 | 0 | @a武佩牛@Awu pei niu@4主编 |
| 801 | 0 | @aCN@c20070920 |
| 905 | @dTU721@eW984 | |
| 建筑施工组织与进度控制/武佩牛主编.-北京:中国建筑工业出版社,2006.06 |
| 178页:图;26cm |
| 全国高职高专教育土建类专业教学指导委员会规划推荐教材.-使用对象:工程监理专业 |
| ISBN 7-112-08257-9:CNY17.00 |
| 本书内容分为两部分:一部分是施工组织,主要讲述建筑施工组织原理和网络计划基本知识,编制建筑施工组织设计的原理和基本方法;另一部分是施工进度控制,主要介绍建筑工程施工进度计划实施和检查的原理,施工进度计划的调整方法。 |
| ● |
| 相关链接 |
|
|
|
正题名:建筑施工组织与进度控制
索取号:TU721/W984
 
预约/预借
| 序号 | 登录号 | 条形码 | 馆藏地/架位号 | 状态 | 备注 |
| 1 | 260190 | 202601906 | 建筑库201/201建筑库 28排3列2层/ [索取号:TU721/W984] | 在馆 | |
| 2 | 260191 | 202601915 | 建筑库201/201建筑库 28排3列2层/ [索取号:TU721/W984] | 在馆 | |
| 3 | 260192 | 202601924 | 建筑库201/201建筑库 28排3列2层/ [索取号:TU721/W984] | 在馆 |